|
|
|
|
| LEADER |
00000nam a2200000 a 4500 |
| 001 |
vtls001330199 |
| 003 |
SK-MaSNL |
| 005 |
20260302070525.0 |
| 008 |
240313s1998 xo aap r yd slo |
| 015 |
|
|
|a SNBA1998/11-04181
|
| 020 |
|
|
|a 8096793330
|
| 035 |
|
|
|a SNK000283060
|
| 035 |
|
|
|a urn:nbn:sk:snk-amtjlp
|
| 035 |
|
|
|a urn:nbn:sk:snk-am00c6x0
|
| 035 |
|
|
|a 61BFBE6C-D98C-4DF0-9952-347D9CD385C5
|
| 040 |
|
|
|a SNK
|b slo
|c SNK
|e AACR2
|
| 041 |
0 |
|
|a slo
|
| 044 |
|
|
|a xo
|c SK
|
| 080 |
|
|
|a 591.1
|2 1981
|
| 080 |
|
|
|a 929 Paulov, Štefan
|2 1981
|
| 100 |
1 |
|
|a Paulov, Vladimír,
|d 1935-
|4 aut
|9 46190
|
| 245 |
1 |
|
|a Vedecká a učiteľská práca Štefana Paulova v živočíšnej a environmentálnej fyziológii
|c Vladimír Paulov
|
| 260 |
|
|
|a Bratislava
|a Nitrianska Blatnica
|b Vladimír Paulov
|c 1998
|
| 300 |
|
|
|a 84 s.
|b fotogr., sch., tab.
|c 29 cm
|
| 504 |
|
|
|a Bibliogr. s. 50-82
|
| 600 |
1 |
|
|a Paulov, Štefan,
|d 1931-
|2 SNK
|9 37733
|
| 650 |
0 |
7 |
|a fyziológia živočíchov
|2 SNK
|9 1093
|
| 655 |
|
7 |
|a príručky
|2 SNK
|9 74364
|
| 919 |
|
|
|a 80-967933-3-0
|
| 958 |
|
|
|a TL
|
| 958 |
|
|
|a NB
|
| 958 |
|
|
|a BX
|
| 999 |
|
|
|c 1147672
|d 1149602
|
| 952 |
|
|
|t P60, <03>, [BOOK], {603}
|a SNK
|b SNK
|y PREZ
|7 0
|p 17A0138502
|o snkSB 58727
|i snkKSP 5113/98
|0 0
|1 0
|4 0
|d 1998-05-12
|f 1
|l 0
|r 2017-06-30 00:00:00
|w 2026-02-24
|
| 952 |
|
|
|t P60, <04>, [BOOK], {604}
|a SNK
|b SNK
|y VYP
|7 0
|p 17A0138503
|o snkSB 58727 D1
|i snkKSP 5114/98
|0 0
|1 0
|4 0
|d 1998-05-12
|l 0
|r 2005-01-02 00:00:00
|w 2026-02-24
|